UK/US Words Quiz Stats

 Plays Quiz Updated Oct 22, 2018

Also try: US/UK Words
Challenge
Share
Tweet
Embed
Score 0/46 Timer 06:00
0 Plays Today
US term UK term % Correct
Trash CanRubbish bin
79%
MailPost
74.8%
AttorneySolicitor
72.9%
StrollerPushchair
69.3%
PrincipalHeadteacher
68.7%
Santa ClausFather Christmas
62.2%
PantiesKnickers
60%
Chutes and LaddersSnakes and Ladders
59.9%
PacifierDummy
51.6%
ZIP CodePostcode
49.8%
DrugstoreChemist
49.1%
ZipperZip
45.2%
Ballpoint penBiro
43.6%
Private SchoolPublic School
43.4%
Fanny packBum bag
42.8%
Shopping cartTrolley
42.6%
BangsFringe
42.1%
Garbage CollectorDustman
39.2%
Baked PotatoJacket Potato
39.1%
PopsicleIce Lolly
39%
Ground beefMinced meat
38.1%
HoboTramp
37.4%
CarnivalFunfair
35.8%
US term UK term % Correct
Face/wash clothFlannel
35.5%
BoogerBogey
33.5%
Bumper CarsDodgems
33.2%
Candy AppleToffee Apple
31.8%
NapkinServiette
31.7%
Emergency RoomCasualty
31.7%
Fire or CanSack
31.1%
Q-TipCotton bud
28.7%
Dumb or SillyDaft
27%
Speed bumpSleeping policeman
26.4%
Wite-OutTipp-Ex
22.6%
Hard CandyBoiled Sweet
21.3%
SolitairePatience
21.1%
Thumb tackDrawing pin
20.7%
Rummage SaleJumble Sale
18.3%
LaundromatLaunderette
15.7%
BiscuitScone
14.9%
Garter beltSuspender belt
14.3%
TeleprompterAutocue
12.9%
PrunersSecateurs
8.5%
Mother-in-lawGranny flat
7.6%
CotCamp Bed
3%
Box carGoods Van
1.2%

You're not logged in!

Compare scores with friends on all Sporcle quizzes.
OR
Log In

You Might Also Like...

Show Comments

Extras

Top Quizzes Today


Score Distribution

Your Account Isn't Verified!

In order to create a playlist on Sporcle, you need to verify the email address you used during registration. Go to your Sporcle Settings to finish the process.

Report this User

Report this user for behavior that violates our Community Guidelines.

Details: